My Little Pony - Bats - Lyrics Quiz - Statistics

General Stats
  • This quiz has been taken 72 times
  • The average score is 236 of 297
Answer Stats
Character Lyrics % Correct
a
100%
an
100%
and
100%
And
100%
bats
100%
bats,
100%
bats!
100%
I
100%
The
100%
the
100%
just
97%
no,
97%
No!
97%
not
97%
They
97%
they
97%
to
97%
ya
97%
you
97%
Applejack You
97%
be
95%
do
95%
fact
95%
one
95%
These
95%
to
95%
your
95%
don't
92%
don't!
92%
that
92%
that,
92%
tree
92%
apple
89%
in?
89%
in
89%
Applejack Oh,
89%
them,
89%
them
89%
are
87%
give
87%
have
87%
their
87%
care
84%
for
84%
give
84%
is
84%
me
84%
minute,
84%
this
84%
we
84%
may
82%
Applejack, Rarity, Rainbow Dash, Twilight Sparkle and Pinkie Pie Stop
82%
wait
82%
will
82%
Will
82%
break,
79%
come
79%
if
79%
maybe
79%
Fluttershy Now
79%
rest
79%
Then
79%
then
79%
too
79%
you're
79%
about
76%
another
76%
back!
76%
bein'
76%
go
76%
kind
76%
like
76%
ponies
76%
side
76%
they're
76%
They're
76%
three
76%
would
76%
at
74%
defend
74%
ever
74%
fright
74%
papas
74%
there's
74%
vampire
74%
every
71%
Applejack It
71%
it
71%
Make
71%
mamas
71%
mind
71%
my
71%
nothin'
71%
Applejack They've
71%
they've
71%
Applejack Those
71%
trees
71%
trees,
71%
young
71%
did
68%
disaster!
68%
eatin'
68%
family
68%
life
68%
apples
66%
both
66%
nada,
66%
night
66%
orchard
66%
others
66%
simple
66%
turned
66%
act
63%
as
63%
big
63%
But
63%
day
63%
Eating
63%
got
63%
help
63%
how
63%
know
63%
see
63%
they'll
63%
total
63%
what
63%
zilch,
63%
creatures
61%
crossed
61%
disagree
61%
faster
61%
line,
61%
mean
61%
restaurant
61%
sin
61%
state
61%
think
61%
want?
61%
far
58%
hit
58%
look
58%
one-track
58%
out
58%
remiss
58%
road
58%
second
58%
seeds
58%
simply
58%
stronger
58%
time
58%
ugly
58%
Rarity Well,
58%
comes
55%
down
55%
grow
55%
it's
55%
loyal
55%
attack
53%
destruction
53%
hide!
53%
orchard's
53%
run
53%
vermin
53%
where
53%
wide
53%
better
50%
bringin'
50%
'Cept
50%
doubt
50%
must
50%
right
50%
Spreading
50%
Fluttershy That's
47%
comin',
45%
stamped
45%
fight
37%
you'd
34%
Applejack Yes,
32%
No matching quizzes found
Score Distribution
Percent of People with Each Score
Percentile by Number Answered
Your Score History
You have not taken this quiz